Managerial accounting
Zapisane w:
| 1. autor: | |
|---|---|
| Format: | Książka |
| Język: | Undetermined |
| Wydane: |
New York
McGraw-Hill
1996
|
| Hasła przedmiotowe: | |
| Etykiety: |
Dodaj etykietę
Nie ma etykietki, Dołącz pierwszą etykiete!
|
| Thư viện lưu trữ: | Trung tâm Học liệu Trường Đại học Cần Thơ |
|---|
| LEADER | 00504nam a2200193Ia 4500 | ||
|---|---|---|---|
| 001 | CTU_23657 | ||
| 008 | 210402s9999 xx 000 0 und d | ||
| 020 | |c 230000 | ||
| 082 | |a 658.1511 | ||
| 082 | |b H656 | ||
| 100 | |a Hilton, Ronald W | ||
| 245 | 0 | |a Managerial accounting | |
| 245 | 0 | |c Ronald W Hilton | |
| 260 | |a New York | ||
| 260 | |b McGraw-Hill | ||
| 260 | |c 1996 | ||
| 650 | |a Managerial accounting | ||
| 904 | |i Phượng, H.Mai | ||
| 980 | |a Trung tâm Học liệu Trường Đại học Cần Thơ | ||